| 000 | 00319nam a2200109 4500 | ||
|---|---|---|---|
| 999 |
_c13635 _d13635 |
||
| 008 | 190329b ||||| |||| 00| 0 eng d | ||
| 245 | _aInclude mental health programs in curriculum, DepEd urged. | ||
| 260 |
_aPhilippines _bThe Philippine Star _cc2018 |
||
| 300 | _apage 9. | ||
| 650 | 0 |
_937979 _aHealth. |
|
| 942 |
_2ddc _cPER |
||